000 00736nam a2200181Ia 4500
008 090124s9999 xx 000 0 und d
082 _b32456
_a2246
100 _aपाटील नेताजी.
245 _a प्रकाशयात्री (स्वभावचित्रांचा संग्रह)
250 _a1
260 _c2004
300 _a95
600 _aपाटील नेताजी.
630 _a प्रकाशयात्री (स्वभावचित्रांचा संग्रह)
700 _aपाटील नेताजी.
730 _a प्रकाशयात्री (स्वभावचित्रांचा संग्रह)
942 _cBOOK
999 _c145935
_d145935